Defining moments : (Record no. 17416)

000 -LEADER
fixed length control field 00464cam a2200157 a 4500
020 ## - INTERNATIONAL STANDARD BOOK NUMBER
ISBN 0875848036 (alk. paper)
040 ## - CATALOGING SOURCE
Transcribing agency DLC
082 00 - DEWEY DECIMAL CLASSIFICATION NUMBER
Classification number 174 HAR 1997 A114 Or.
100 1# - MAIN ENTRY--AUTHOR NAME
Personal name Badaracco, Joseph.
245 10 - TITLE STATEMENT
Title Defining moments :
Remainder of title when managers must choose between right and right /
260 ## - PUBLICATION, DISTRIBUTION, ETC. (IMPRINT)
Place of publication Boston, Mass. :
Name of publisher Harvard Business School Press,
Year of publication c1997.
300 ## - PHYSICAL DESCRIPTION
Number of Pages xi, 147 p. ;
Dimensions 24 cm.
650 #0 - SUBJECT ADDED ENTRY--TOPICAL TERM
Topical Term Business ethics.
650 #0 - SUBJECT ADDED ENTRY--TOPICAL TERM
Topical Term Executives
942 ## - ADDED ENTRY ELEMENTS (KOHA)
Koha item type សៀវភៅភាសាអង់គ្លេស
952 ## - LOCATION AND ITEM INFORMATION (KOHA)
Withdrawn status [LOCAL, KOHA] 0
952 ## - LOCATION AND ITEM INFORMATION (KOHA)
Withdrawn status [LOCAL, KOHA] 0
Holdings
Permanent Location Date acquired Koha item type Lost status Shelving location Barcode Current Location Full call number
Library Block A2018-11-26សៀវភៅភាសាអង់គ្លេស A114A37170Library Block A174 HAR 1997 A114 Or.
Library Block A2018-11-26សៀវភៅភាសាអង់គ្លេស A114A37872Library Block A174 HAR 1997 A114 Or.
មជ្ឈមណ្ឌលឯការនៃសាកលវិទ្យាល័យភូមិន្ទកសិកម្មចំការដូង

Powered by Koha